松本市(長野県)の駅 - Statistics

General Stats
  • This quiz has been taken 37 times
  • The average score is 13 of 20
Answer Stats
Answer % Correct
松本
100%
北松本
100%
南松本
91%
新島々
86%
村井
82%
平田
82%
西松本
77%
73%
波田
68%
島内
64%
北新・松本大学前
59%
下新
55%
新村
55%
島高松
50%
渕東
50%
信濃荒井
45%
三溝
41%
下島
41%
大庭
32%
森口
32%
No matching quizzes found
Score Distribution
Percent of People with Each Score
Percentile by Number Answered
Your Score History
You have not taken this quiz